Every Air Supply song that hit the Billboard hot 100 - Statistics

General Stats
  • This quiz has been taken 46 times
  • The average score is 6 of 13
Answer Stats
Peak Chart Position Year Song % Correct
2 1983 Making Love Out Of Nothing At All
77%
2 1980 All Out Of Love
71%
3 1980 Lost In Love
60%
5 1981 Every Woman In The World
54%
5 1981 Here I Am (Just When I Thought I Was Over You)
54%
1 1981 The One That You Love
46%
5 1982 Even The Nights Are Better
37%
38 1983 Two Less Lonely People In The World
34%
19 1985 Just As I Am
31%
5 1982 Sweet Dreams
31%
76 1986 Lonely Is The Night
26%
38 1982 Young Love
23%
68 1985 Power Of Love (You Are My Lady)
20%
No matching quizzes found
Score Distribution
Percent of People with Each Score
Percentile by Number Answered
Your Score History
You have not taken this quiz